书目信息 |
| 题名: |
学生常用法律法规
|
|
| 作者: | 余民才 , 杜焕芳 , 李亮 选编 | |
| 分册: | 国际法律分册(含国际公法、国际私法) | |
| 出版信息: | 北京 中国人民大学出版社 2007 |
|
| 页数: | 433页 | |
| 开本: | 19cm | |
| 丛书名: | ||
| 单 册: | ||
| 中图分类: | D920.9 , D99 , D997 | |
| 科图分类: | ||
| 主题词: | 法律--中国--汇编 , 国际公法--汇编 , 国际私法--汇编 | |
| 电子资源: | ||
| ISBN: | 978-7-300-08731-3 | |
| 000 | 01059nam0 2200337 450 | |
| 001 | 012004198750 | |
| 005 | 20080310101543.15 | |
| 009 | 012004198750 | |
| 010 | @a978-7-300-08731-3@dCNY15.00 | |
| 035 | @a(110019)012007061906 | |
| 100 | @a20071225d2007 em y0chiy0110 ea | |
| 101 | 0 | @achi |
| 102 | @aCN@b110000 | |
| 105 | @ay nz 000yy | |
| 106 | @ar | |
| 200 | 1 | @a学生常用法律法规@Axue sheng chang yong fa lv fa gui@i国际法律分册(含国际公法、国际私法)@f余民才,杜焕芳,李亮选编 |
| 210 | @a北京@c中国人民大学出版社@d2007 | |
| 215 | @a433页@d19cm | |
| 300 | @a21世纪法学系列教材配套辅导用书 | |
| 330 | @a本书分为国际公法和国际私法二部分,包括国际条约、国际冲突法、国际民事诉讼法、国际商事仲裁法等内容。 | |
| 606 | 0 | @a法律@y中国@j汇编 |
| 606 | 0 | @a国际公法@j汇编 |
| 606 | 0 | @a国际私法@j汇编 |
| 690 | @aD920.9@v4 | |
| 690 | @aD99@v4 | |
| 690 | @aD997@v4 | |
| 701 | 0 | @a余民才@Ayu min cai@4选编 |
| 701 | 0 | @a杜焕芳@Adu huan fang@4选编 |
| 701 | 0 | @a李亮@Ali liang@4选编 |
| 801 | 0 | @aCN@b110019@c20080310 |
| 905 | @dD920.9@e854@f8 | |
| 学生常用法律法规.国际法律分册(含国际公法、国际私法)/余民才,杜焕芳,李亮选编.-北京:中国人民大学出版社,2007 |
| 433页;19cm |
| 21世纪法学系列教材配套辅导用书 |
| ISBN 978-7-300-08731-3:CNY15.00 |
| 本书分为国际公法和国际私法二部分,包括国际条约、国际冲突法、国际民事诉讼法、国际商事仲裁法等内容。 |
| ● |
| 相关链接 |
|
|
|
|
正题名:学生常用法律法规
索取号:D920.9/854
 
预约/预借
| 序号 | 登录号 | 条形码 | 馆藏地/架位号 | 状态 | 备注 |
| 1 | 0792573 | 207925735 | 第一样本阅览室/ [索取号:D920.9/854] | 在馆 | |
| 2 | 0792574 | 207925744 | 第一借阅区/ [索取号:D920.9/854] | 在馆 | |
| 3 | 0792575 | 207925753 | 第一借阅区/ [索取号:D920.9/854] | 在馆 | |
| 4 | 0792576 | 207925762 | 第一借阅区/ [索取号:D920.9/854] | 在馆 | |
| 5 | 0792577 | 207925771 | 第一借阅区/ [索取号:D920.9/854] | 在馆 | |
| 6 | 0792578 | 207925780 | 第一借阅区/ [索取号:D920.9/854] | 在馆 | |
| 7 | 0792579 | 207925799 | 第一借阅区/ [索取号:D920.9/854] | 在馆 | |
| 8 | 0792580 | 207925806 | 第一借阅区/ [索取号:D920.9/854] | 在馆 |